| 000 | 00373nam a2200157Ia 4500 | ||
|---|---|---|---|
| 008 | 210210b1980 xxu||||| |||| 00| 0 eng d | ||
| 020 | _a0 553 14206 2 | ||
| 082 | _a530.01 CAPT | ||
| 100 | _aCAPRA (Fritjoe). | ||
| 245 | _aThe tao of physics. | ||
| 260 |
_aNY _bBantam books _c1980 |
||
| 300 | _axvii,332 | ||
| 650 | _aTao physics | ||
| 690 | _aPhysics | ||
| 906 | _a035889 | ||
| 999 |
_c86357 _d86357 |
||